[Event "2BLN 2223 SV Glückauf Rüdersdorf - Ha"]
[Site "?"]
[Date "2022.11.27"]
[Round "4.1"]
[White "Souleidis, Georgios"]
[Black "Heberla, Bartlomiej"]
[Result "0-1"]
[WhiteElo "2407"]
[BlackElo "2571"]
[PlyCount "76"]
[EventDate "2022.??.??"]

1. e4 c6 2. Nf3 d5 3. d3 Qc7 4. Nc3 dxe4 5. dxe4 Bg4 6. Bc4 e6 7. h3 Bh5 8. g4 Bg6 9. Qe2 Nd7 10. Nh4 Be7 11. Ng2 e5 12. Bd2 b5 13. Bd3 Nc5 14. f4 exf4 15. Bxf4 Qb7 16. e5 Nxd3+ 17. cxd3 Bb4 18. O-O Bxc3 19. bxc3 Ne7 20. d4 Qd7 21. Rae1 Qe6 22. Bc1 Nd5 23. Qf3 h5 24. g5 a5 25. Rf2 O-O 26. Kh2 Rac8 27. Ba3 b4 28. cxb4 axb4 29. Bb2 c5 30. dxc5 Rxc5 31. a3 Rb8 32. axb4 Rxb4 33. Rd2 Rcb5 34. Bd4 Rb3 35. Ne3 Ra3 36. Qg2 Kh7 37. Ree2 Nc3 38. Bxc3 Rxc3 0-1

[Event "2BLN 2223 SV Glückauf Rüdersdorf - Ha"]
[Site "?"]
[Date "2022.11.27"]
[Round "4.2"]
[White "Klimkowski, Jan"]
[Black "Peyrer, Konstantin"]
[Result "1/2-1/2"]
[WhiteElo "2441"]
[BlackElo "2393"]
[PlyCount "92"]
[EventDate "2022.??.??"]

1. e4 e6 2. d4 d5 3. Nc3 dxe4 4. Nxe4 Bd7 5. Nf3 Bc6 6. Bd3 Nd7 7. O-O Ngf6 8. Ng3 g6 9. b3 Bg7 10. Ba3 Bf8 11. Bxf8 Kxf8 12. c4 Kg7 13. Re1 Bxf3 14. Qxf3 c6 15. Rad1 Qc7 16. h4 h6 17. Bb1 Rhd8 18. h5 g5 19. d5 Nf8 20. Ne4 Nxe4 21. Bxe4 cxd5 22. cxd5 exd5 23. Rxd5 Re8 24. Rdd1 Re7 25. Bxb7 Rae8 26. Rxe7 Rxe7 27. Be4 Qa5 28. a4 Qb4 29. Bd5 Nd7 30. g3 Nf6 31. Bc4 Re4 32. Qf5 Qe7 33. Bf1 Re5 34. Qd3 Nxh5 35. Qd6 Nf6 36. Qxe7 Rxe7 37. a5 Rb7 38. Bc4 Ne4 39. Rd5 Nc3 40. Rd8 Rc7 41. f3 Na4 42. Rd6 Nc5 43. Rd5 Kf6 44. g4 Kg7 45. Kf2 f6 46. Ke3 Nd7 1/2-1/2

[Event "2BLN 2223 SV Glückauf Rüdersdorf - Ha"]
[Site "?"]
[Date "2022.11.27"]
[Round "4.3"]
[White "Bracker, Frank"]
[Black "Kanarek, Marcel"]
[Result "0-1"]
[WhiteElo "2371"]
[BlackElo "2487"]
[PlyCount "106"]
[EventDate "2022.??.??"]

1. c4 g6 2. Nf3 Bg7 3. Nc3 c5 4. g3 Nc6 5. Bg2 Nf6 6. d4 O-O 7. O-O d6 8. dxc5 dxc5 9. Bf4 Nh5 10. Be3 b6 11. Rc1 Bb7 12. Qa4 Qc8 13. Rfd1 Rd8 14. Rxd8+ Qxd8 15. h3 Na5 16. g4 Nf6 17. Ne5 Bxg2 18. Kxg2 Qc7 19. Nf3 Qc6 20. Qxc6 Nxc6 21. b3 Rd8 22. Bf4 h5 23. g5 Ne8 24. Nb5 Kf8 25. h4 Rd7 26. Nc3 Nd6 27. Bxd6 Rxd6 28. Nd5 e6 29. Nc3 Ke7 30. Ne4 Rd8 31. Nc3 Nd4 32. Ne1 Rd7 33. e3 Nc6 34. Nf3 Rd3 35. Ne2 Nb4 36. a3 Nc6 37. Rb1 Na5 38. b4 Nxc4 39. bxc5 Nxa3 40. Rc1 Bb2 41. cxb6 Bxc1 42. bxa7 Rd8 43. Nfd4 Ra8 44. Nxc1 Kd6 45. f4 Rxa7 46. Nd3 Ra4 47. Ne5 Ke7 48. Kf3 Nb1 49. Nb3 Ra3 50. Nc6+ Kd6 51. Ncd4 Kd5 52. Ke2 Kc4 53. Nc1 Nc3+ 0-1

[Event "2BLN 2223 SV Glückauf Rüdersdorf - Ha"]
[Site "?"]
[Date "2022.11.27"]
[Round "4.4"]
[White "Leniart, Arkadiusz"]
[Black "Colpe, Malte"]
[Result "1/2-1/2"]
[WhiteElo "2493"]
[BlackElo "2357"]
[PlyCount "93"]
[EventDate "2022.??.??"]

1. e4 e5 2. Nf3 Nf6 3. Nxe5 d6 4. Nf3 Nxe4 5. Nc3 Nxc3 6. dxc3 Be7 7. Be3 Nd7 8. h3 O-O 9. Qd2 Ne5 10. Be2 c6 11. Nd4 c5 12. Nf3 Be6 13. Ng5 Bc4 14. h4 Bxe2 15. Qxe2 Qd7 16. O-O-O h6 17. Nh3 Qa4 18. Kb1 Qc4 19. Qd2 Qb5 20. Nf4 Nc4 21. Qc1 Nb6 22. Nd5 Nxd5 23. Rxd5 Qc4 24. Qd2 Rfe8 25. Qd3 Qg4 26. g3 Bf8 27. Rd1 Re6 28. Qf5 Qc4 29. Qd3 Qg4 30. Qf5 Qc4 31. R5d2 Rae8 32. Qd5 Qa6 33. Bf4 Re2 34. Be3 Rxd2 35. Qxd2 Qc6 36. Bf4 Re6 37. a3 g6 38. Be3 Re5 39. Bf4 Re6 40. Be3 Re5 41. c4 b5 42. Bf4 Re6 43. Be3 Re5 44. Bf4 Re6 45. Be3 Re5 46. Bf4 Re6 47. Be3 1/2-1/2

[Event "2BLN 2223 SV Glückauf Rüdersdorf - Ha"]
[Site "?"]
[Date "2022.11.27"]
[Round "4.5"]
[White "Balcerak, Philipp"]
[Black "Sieciechowicz, Marcin"]
[Result "1-0"]
[WhiteElo "2343"]
[BlackElo "2395"]
[PlyCount "79"]
[EventDate "2022.??.??"]

1. c4 c6 2. g3 d5 3. Bg2 Nf6 4. Nf3 dxc4 5. O-O b5 6. a4 Bb7 7. d3 cxd3 8. Ne5 a6 9. Qb3 e6 10. Rd1 Qc7 11. Nxd3 Bd6 12. Nc3 O-O 13. axb5 cxb5 14. Nxb5 axb5 15. Rxa8 Bxg2 16. Rxb8 Rxb8 17. Kxg2 h6 18. Nf4 Qc6+ 19. Qf3 Rc8 20. Be3 Ng4 21. Bd2 Bxf4 22. gxf4 f5 23. Qxc6 Rxc6 24. Bc3 Nf6 25. Rd8+ Kf7 26. Rb8 Nd5 27. Rxb5 Nxf4+ 28. Kf3 g5 29. e4 Kg6 30. Bd4 Rc4 31. exf5+ exf5 32. Rb6+ Kf7 33. Rb7+ Ke6 34. Ke3 Nd5+ 35. Kd3 Rc1 36. Rh7 Nf4+ 37. Kd2 Rg1 38. Be3 Nd5 39. Rxh6+ Ke5 40. f4+ 1-0

[Event "2BLN 2223 SV Glückauf Rüdersdorf - Ha"]
[Site "?"]
[Date "2022.11.27"]
[Round "4.6"]
[White "Steczek, Marcin"]
[Black "Bracker, Arne"]
[Result "1/2-1/2"]
[WhiteElo "2367"]
[BlackElo "2288"]
[PlyCount "87"]
[EventDate "2022.??.??"]

1. d4 Nf6 2. Nf3 d5 3. c4 e6 4. Nc3 Bb4 5. Qb3 c5 6. e3 Nc6 7. cxd5 exd5 8. Bb5 O-O 9. O-O c4 10. Qa4 Bxc3 11. bxc3 Ne4 12. Bxc6 bxc6 13. Ne5 f6 14. Nxc4 dxc4 15. Qxc6 Bf5 16. f3 Ng5 17. e4 Qc8 18. Qa4 Bd7 19. Qa5 Ne6 20. Be3 Qc7 21. Qxc7 Nxc7 22. Bf4 Rfc8 23. Rab1 g5 24. Bxc7 Rxc7 25. Kf2 f5 26. Ke3 fxe4 27. fxe4 Re8 28. d5 Ba4 29. Kd4 Rce7 30. Rbe1 Re5 31. Rf2 Bd7 32. Re3 h5 33. Rfe2 a6 34. Re1 Bb5 35. a4 Bxa4 36. Kxc4 Bc2 37. Kd4 a5 38. R3e2 Bb3 39. c4 a4 40. Rc1 Kf7 41. Re3 g4 42. Rcc3 Kf6 43. Re1 Ba2 44. Rce3 1/2-1/2

[Event "2BLN 2223 SV Glückauf Rüdersdorf - Ha"]
[Site "?"]
[Date "2022.11.27"]
[Round "4.7"]
[White "Woelk, Tom-Frederic"]
[Black "Dudzinski, Piotr"]
[Result "1/2-1/2"]
[WhiteElo "2296"]
[BlackElo "2330"]
[PlyCount "79"]
[EventDate "2022.??.??"]

1. e4 e6 2. d4 d5 3. Nc3 dxe4 4. Nxe4 Bd7 5. Nf3 Bc6 6. Bd3 Nd7 7. O-O Ngf6 8. Nc3 Be7 9. Re1 O-O 10. a3 b6 11. Ne5 Bb7 12. Bg5 Nxe5 13. dxe5 Nd5 14. Bxe7 Qxe7 15. Qh5 g6 16. Qf3 Nxc3 17. Qxb7 Nd5 18. Re4 c5 19. Qxe7 Nxe7 20. Ra4 a5 21. b4 axb4 22. axb4 Rxa4 23. Rxa4 Nc6 24. bxc5 bxc5 25. f4 Nb4 26. Kf2 Rd8 27. Ke3 Rd4 28. Ra8+ Kg7 29. g3 Nd5+ 30. Kf3 c4 31. Be2 Nc3 32. Rc8 Rd2 33. Rxc4 Rxc2 34. Bd3 Rc1 35. g4 h6 36. Rc8 h5 37. g5 Kh7 38. Kg2 Kg7 39. Kh3 Nd5 40. Rxc1 1/2-1/2

[Event "2BLN 2223 SV Glückauf Rüdersdorf - Ha"]
[Site "?"]
[Date "2022.11.27"]
[Round "4.8"]
[White "Szadkowski, Kamil"]
[Black "Hommer, Jeremy"]
[Result "0-1"]
[WhiteElo "2284"]
[BlackElo "2236"]
[PlyCount "66"]
[EventDate "2022.??.??"]

1. e4 c6 2. d4 d5 3. e5 Bf5 4. Nf3 e6 5. Be2 c5 6. O-O Nc6 7. c3 Nge7 8. dxc5 Ng6 9. b4 a6 10. Re1 Ngxe5 11. a4 Nxf3+ 12. Bxf3 Be7 13. Bg4 Bg6 14. Bh5 Bf6 15. Bf4 O-O 16. Bxg6 hxg6 17. Bd6 Nxb4 18. Qb3 a5 19. Ra3 Na6 20. Qxb7 Re8 21. Rb3 Be7 22. Qb6 Bxd6 23. Qxd6 Qxd6 24. cxd6 Nc5 25. Rb5 Nxa4 26. c4 dxc4 27. Rc1 Reb8 28. Na3 c3 29. Kf1 Rd8 30. Nc4 Rac8 31. Nxa5 Rxd6 32. Rb4 c2 33. Ke1 Nc5 0-1

[Event "2BLN 2223 SF Berlin II - FC St. Pauli"]
[Site "?"]
[Date "2022.11.27"]
[Round "4.1"]
[White "Socko, Bartosz"]
[Black "Agopov, Mikael"]
[Result "1/2-1/2"]
[WhiteElo "2623"]
[BlackElo "2450"]
[PlyCount "82"]
[EventDate "2022.??.??"]

1. e4 c5 2. Nf3 d6 3. d4 cxd4 4. Nxd4 Nf6 5. Nc3 Nc6 6. Bg5 e6 7. Qd2 a6 8. O-O-O Bd7 9. f3 Nxd4 10. Qxd4 h6 11. Be3 Bc6 12. Kb1 d5 13. exd5 Nxd5 14. Nxd5 Qxd5 15. Qxd5 Bxd5 16. c4 Bc6 17. Be2 Be7 18. Kc2 f5 19. Bb6 Kf7 20. Kc3 Bf6+ 21. Kb3 g5 22. c5 h5 23. Bc4 g4 24. Rhe1 Rae8 25. Rd6 gxf3 26. gxf3 Bxf3 27. Rdxe6 Rxe6 28. Bxe6+ Kg6 29. Rg1+ Bg5 30. Ba5 Re8 31. h4 Bg4 32. Re1 Bd8 33. Bd5 Rxe1 34. Bxe1 b6 35. c6 f4 36. Kc4 Kf5 37. Kd3 Ke5 38. Bh1 Bf5+ 39. Ke2 Bg4+ 40. Kd3 Bf5+ 41. Ke2 Bg4+ 1/2-1/2

[Event "2BLN 2223 SF Berlin II - FC St. Pauli"]
[Site "?"]
[Date "2022.11.27"]
[Round "4.2"]
[White "Florstedt, Johannes"]
[Black "Janik, Igor"]
[Result "0-1"]
[WhiteElo "2378"]
[BlackElo "2539"]
[PlyCount "102"]
[EventDate "2022.??.??"]

1. e4 c6 2. d4 d5 3. e5 c5 4. dxc5 e6 5. Be3 Nd7 6. Nf3 Ne7 7. c4 dxc4 8. Nc3 Nf5 9. Bg5 Be7 10. Bxe7 Qxe7 11. g4 Nh4 12. Nxh4 Qxh4 13. Qd6 a6 14. Bg2 Qe7 15. Ne4 Qxd6 16. Nxd6+ Ke7 17. c6 bxc6 18. Nxc4 Ra7 19. O-O-O Rc7 20. f4 Bb7 21. h4 h5 22. g5 Nf8 23. Nd6 Ng6 24. f5 Nxe5 25. fxe6 fxe6 26. Rhe1 Ng4 27. Nf5+ Kf7 28. Nd6+ Ke7 29. Bf1 Rf8 30. Bc4 e5 31. Bb3 Rd7 32. Nc4 Rxd1+ 33. Bxd1 Bc8 34. Nxe5 Nxe5 35. Rxe5+ Kd6 36. Re4 g6 37. Kd2 Rf2+ 38. Kc3 Rh2 39. Rf4 Bf5 40. Ra4 a5 41. b3 c5 42. a3 Rh1 43. Kd2 Rh3 44. Ke1 Rh2 45. Rc4 Be6 46. Rf4 Ke5 47. Rf6 Bf5 48. Ra6 Kd4 49. Be2 Ke3 50. Bf1 Ra2 51. Rd6 Rxa3 0-1

[Event "2BLN 2223 SF Berlin II - FC St. Pauli"]
[Site "?"]
[Date "2022.11.27"]
[Round "4.3"]
[White "Feuerstack, Aljoscha"]
[Black "Chatzidakis, Mihail"]
[Result "1-0"]
[WhiteElo "2467"]
[BlackElo "2329"]
[PlyCount "101"]
[EventDate "2022.??.??"]

1. e4 e6 2. d4 d5 3. Nd2 Nc6 4. Ngf3 Nf6 5. e5 Nd7 6. Bd3 f6 7. exf6 Qxf6 8. Nf1 Nb4 9. Be2 c5 10. Ne3 Nc6 11. O-O Nxd4 12. c4 Nxf3+ 13. Bxf3 d4 14. Ng4 Qf5 15. Re1 Bd6 16. Nh6 Qf6 17. Ng4 Qf5 18. Nh6 Qf6 19. Bh5+ g6 20. Bg4 Ne5 21. Bh3 Bd7 22. f4 Nf7 23. f5 gxf5 24. Nxf5 Be5 25. Ng3 O-O-O 26. Ne4 Qe7 27. Qh5 d3 28. Be3 Bc6 29. Bxc5 Qd7 30. Nd6+ Nxd6 31. Qxe5 Qc7 32. Bxa7 b6 33. Bxb6 Qxb6+ 34. c5 Qa7 35. Kh1 Nf5 36. Qxe6+ Bd7 37. Qd5 Ng3+ 38. hxg3 Bxh3 39. Qc6+ Kb8 40. gxh3 d2 41. Rf1 Qe7 42. Rad1 Qe5 43. Qb6+ Kc8 44. c6 Rd4 45. Rf4 Qe1+ 46. Kg2 Qe2+ 47. Rf2 Qe4+ 48. Kh2 Rb4 49. Qa6+ Kb8 50. c7+ Kxc7 51. Rf7+ 1-0

[Event "2BLN 2223 SF Berlin II - FC St. Pauli"]
[Site "?"]
[Date "2022.11.27"]
[Round "4.4"]
[White "Poltorak, Sebastian"]
[Black "Socko, Monika"]
[Result "1/2-1/2"]
[WhiteElo "2346"]
[BlackElo "2458"]
[PlyCount "134"]
[EventDate "2022.??.??"]

1. e4 c6 2. Nc3 d5 3. Nf3 Bg4 4. h3 Bxf3 5. Qxf3 e6 6. Be2 Nd7 7. O-O Ngf6 8. d4 dxe4 9. Nxe4 Nxe4 10. Qxe4 Nf6 11. Qh4 Be7 12. Re1 Nd5 13. Qe4 Nf6 14. Qh4 Nd5 15. Qg4 Bf6 16. c3 O-O 17. Bd3 Re8 18. Bd2 Ne7 19. Rad1 Ng6 20. a3 Qd5 21. Be4 Qb3 22. Bc1 Rad8 23. f4 Bh4 24. Bxg6 Bxe1 25. Bh5 f5 26. Qe2 g6 27. Rxe1 gxh5 28. Qxh5 Rf8 29. Qh6 Rde8 30. Re3 Rf7 31. Rg3+ Kh8 32. Be3 Qd5 33. Qg5 b6 34. Kh2 Qd8 35. Qh5 Rg7 36. Bf2 Reg8 37. Rxg7 Kxg7 38. Bh4 Qd7 39. Bg5 Re8 40. Qh6+ Kg8 41. Bf6 Qf7 42. Be5 Qg6 43. Qh4 h5 44. Bf6 c5 45. dxc5 bxc5 46. b4 cxb4 47. axb4 Kf7 48. Be5 Re7 49. Qe1 Rd7 50. Bd4 Qh6 51. Qf2 a6 52. Qf3 h4 53. Bf2 Rc7 54. Bd4 Qg6 55. Bf2 Qh6 56. Kg1 Rd7 57. c4 Qf6 58. Kh2 Kg6 59. Qe2 Re7 60. Bc5 Re8 61. Bd6 Qc3 62. Qf2 Kh5 63. Qe2+ Kg6 64. c5 Qxb4 65. Qxa6 Qe1 66. Qa3 Ra8 67. Qxa8 Qg3+ 1/2-1/2

[Event "2BLN 2223 SF Berlin II - FC St. Pauli"]
[Site "?"]
[Date "2022.11.27"]
[Round "4.6"]
[White "Polzin, Rainer"]
[Black "Krause, Jonah"]
[Result "1-0"]
[WhiteElo "2391"]
[BlackElo "2390"]
[PlyCount "79"]
[EventDate "2022.??.??"]

1. e4 c5 2. Nf3 e6 3. d4 cxd4 4. Nxd4 Nc6 5. Nc3 Qc7 6. Qd3 Nf6 7. Ndb5 Qb8 8. Qg3 d6 9. Be3 a6 10. Nd4 h5 11. f3 h4 12. Qf2 Bd7 13. O-O-O b5 14. Bd3 Be7 15. g4 g5 16. Nxc6 Bxc6 17. Qd2 Rg8 18. Bxg5 b4 19. Ne2 a5 20. Be3 Nd7 21. Nd4 Qb7 22. g5 Nc5 23. Rhg1 Bd7 24. Kb1 a4 25. Bc4 Rg6 26. Rg4 Bf8 27. Rxh4 Bg7 28. Qe2 Ra5 29. Rh7 Kf8 30. h4 Kg8 31. Rxg7+ Rxg7 32. h5 d5 33. exd5 exd5 34. Bd3 b3 35. cxb3 Nxb3 36. h6 Rg6 37. Bxg6 fxg6 38. h7+ Kxh7 39. Qh2+ Kg8 40. Rh1 1-0

[Event "2BLN 2223 SF Berlin II - FC St. Pauli"]
[Site "?"]
[Date "2022.11.27"]
[Round "4.7"]
[White "Sawatzki, Frank"]
[Black "Ahlander, Bjorn"]
[Result "0-1"]
[WhiteElo "2374"]
[BlackElo "2401"]
[PlyCount "132"]
[EventDate "2022.??.??"]

1. e4 c5 2. Nf3 d6 3. d4 cxd4 4. Nxd4 Nf6 5. Nc3 a6 6. Be2 e5 7. Nf3 Be7 8. Bg5 Nbd7 9. a4 O-O 10. O-O b6 11. Nd2 Bb7 12. Bf3 Rc8 13. Re1 Re8 14. Nf1 h6 15. Bd2 Nc5 16. Ng3 Bf8 17. Be3 b5 18. axb5 axb5 19. b4 Na6 20. Nxb5 Nxb4 21. c3 Na6 22. Ra2 Nc5 23. Rd2 Ncxe4 24. Bxe4 Nxe4 25. Nxe4 Bxe4 26. Nxd6 Bxd6 27. Rxd6 Qc7 28. Bb6 Qb7 29. f3 Bg6 30. Qd2 Rc6 31. Rxc6 Qxc6 32. Bf2 f6 33. h3 Rc8 34. Rc1 Qc4 35. Qd6 Kh7 36. Qd7 Ra8 37. Qg4 Qe2 38. f4 Qxg4 39. hxg4 exf4 40. Bd4 Ra2 41. Rf1 Be4 42. Rf2 Rxf2 43. Kxf2 Kg6 44. Bc5 Kg5 45. Bf8 g6 46. Bg7 Bc2 47. c4 Bd1 48. c5 Bxg4 49. c6 Be6 50. c7 h5 51. Bf8 Kg4 52. Be7 f5 53. Bd6 Bc8 54. Be5 Bb7 55. Bd6 h4 56. Be5 h3 57. gxh3+ Kxh3 58. Bxf4 Kg4 59. Bd6 f4 60. Bc5 g5 61. Be7 Kf5 62. Ke2 g4 63. Kf2 g3+ 64. Kg1 f3 65. Bc5 Ba6 66. Bb6 Ke4 0-1

[Event "2BLN 2223 SF Berlin II - FC St. Pauli"]
[Site "?"]
[Date "2022.11.27"]
[Round "4.8"]
[White "Lundin, Jan"]
[Black "Mueller, Fabian"]
[Result "1-0"]
[WhiteElo "2221"]
[BlackElo "2335"]
[PlyCount "81"]
[EventDate "2022.??.??"]

1. d4 Nf6 2. c4 e6 3. Nc3 c5 4. d5 exd5 5. cxd5 d6 6. Nf3 g6 7. g3 Bg7 8. Bg2 O-O 9. O-O a6 10. a4 Re8 11. Bf4 Ne4 12. Nxe4 Rxe4 13. Nd2 Rb4 14. Ra2 g5 15. Be3 Qe7 16. Qc1 Bg4 17. Re1 Nd7 18. Nc4 h6 19. Bd2 Rc8 20. Nxd6 Qxd6 21. Bxb4 Re8 22. Bc3 Ne5 23. b3 b6 24. Qa1 f6 25. Rd2 h5 26. f3 Bd7 27. e4 Kf7 28. Rf1 Kg8 29. f4 gxf4 30. gxf4 Ng4 31. Re2 Bc8 32. h3 Nh6 33. e5 fxe5 34. fxe5 Qg6 35. e6 Bf8 36. Rf6 Qd3 37. Bf1 Kh7 38. Ref2 Qg3+ 39. Bg2 Bg7 40. R6f3 Bxc3 41. Qxc3 1-0

[Event "2BLN 2223 SK Zehlendorf - SK König Teg"]
[Site "?"]
[Date "2022.11.27"]
[Round "4.1"]
[White "Rabiega, Robert"]
[Black "Sawlin, Leonid"]
[Result "1/2-1/2"]
[WhiteElo "2481"]
[BlackElo "2408"]
[PlyCount "82"]
[EventDate "2022.??.??"]

1. e4 e6 2. d4 d5 3. e5 c5 4. c3 Qb6 5. Nf3 Bd7 6. Be2 Nc6 7. O-O f6 8. dxc5 Bxc5 9. b4 Be7 10. Be3 Qd8 11. c4 fxe5 12. b5 d4 13. bxc6 Bxc6 14. Bc1 d3 15. Nxe5 dxe2 16. Qxe2 Bf6 17. Bb2 Qb6 18. Nc3 Ne7 19. Ng4 O-O 20. Rab1 Rae8 21. Nxf6+ Rxf6 22. Nd5 Nxd5 23. Bxf6 Nf4 24. Qe5 Ng6 25. Qd4 Qa5 26. Bh4 e5 27. Qg4 Nf4 28. f3 Qxa2 29. Bf6 Qxg2+ 30. Qxg2 Nxg2 31. Bg5 Nf4 32. Bxf4 exf4 33. Rfe1 Rf8 34. Kf2 Rf5 35. Rbd1 Rh5 36. Kg2 Kf7 37. Rd4 Rf5 38. Kf2 g5 39. h4 h6 40. Rd6 Rf6 41. Rxf6+ Kxf6 1/2-1/2

[Event "2BLN 2223 SK Zehlendorf - SK König Teg"]
[Site "?"]
[Date "2022.11.27"]
[Round "4.3"]
[White "Rietze, Clemens"]
[Black "Baskin, Robert"]
[Result "1-0"]
[WhiteElo "2347"]
[BlackElo "2432"]
[PlyCount "77"]
[EventDate "2022.??.??"]

1. d4 d5 2. c4 e6 3. Nf3 Nf6 4. Nc3 c5 5. cxd5 exd5 6. g3 Nc6 7. Bg2 cxd4 8. Nxd4 Bc5 9. Nb3 Bb6 10. O-O d4 11. Na4 O-O 12. Bg5 Re8 13. Rc1 h6 14. Bxf6 Qxf6 15. Nac5 Bg4 16. Re1 d3 17. Qxd3 Rad8 18. Qc3 Ne5 19. Qb4 h5 20. Qf4 Qe7 21. h3 Bc8 22. Ne4 Ng6 23. Qg5 Qb4 24. Red1 Rxd1+ 25. Rxd1 Re5 26. Qc1 Bxh3 27. Bxh3 Qxe4 28. e3 Rg5 29. Qc8+ Kh7 30. Bg2 Qb4 31. Nd2 Ne5 32. Ne4 Rg6 33. Qf5 Qxb2 34. Ng5+ Kh6 35. Qxe5 Qe2 36. Nxf7+ Kh7 37. Rd6 Bc7 38. Be4 Bxd6 39. Qxd6 1-0

[Event "2BLN 2223 SK Zehlendorf - SK König Teg"]
[Site "?"]
[Date "2022.11.27"]
[Round "4.4"]
[White "Tazbir, Marcin"]
[Black "Von Herman, Ulf"]
[Result "1/2-1/2"]
[WhiteElo "2509"]
[BlackElo "2332"]
[PlyCount "64"]
[EventDate "2022.??.??"]

1. e4 c5 2. Nf3 Nc6 3. Bb5 Qc7 4. O-O a6 5. Bxc6 dxc6 6. e5 g5 7. Nxg5 Qxe5 8. d3 Nf6 9. Re1 Qf5 10. Nc3 Rg8 11. Nce4 Nxe4 12. Nxe4 Qg6 13. Qf3 Be6 14. Qg3 b6 15. Bf4 O-O-O 16. b3 Rd5 17. Rad1 h6 18. Qxg6 Rxg6 19. Nd2 Rf5 20. Bg3 Bg7 21. Nf3 Bf6 22. c4 Rh5 23. h3 Rg8 24. Kf1 Rf5 25. Re4 Rxf3 26. gxf3 Bxh3+ 27. Kg1 Bf5 28. Re2 Rd8 29. Be5 Bg5 30. Bb2 h5 31. Bc1 Bf6 32. Bb2 Bg5 1/2-1/2

[Event "2BLN 2223 SK Zehlendorf - SK König Teg"]
[Site "?"]
[Date "2022.11.27"]
[Round "4.5"]
[White "Jahnz, Fabian"]
[Black "Stachowiak, Kamil"]
[Result "1/2-1/2"]
[WhiteElo "2273"]
[BlackElo "2464"]
[PlyCount "40"]
[EventDate "2022.??.??"]

1. e4 c5 2. c3 Nf6 3. e5 Nd5 4. Nf3 e6 5. g3 Nc6 6. Bg2 Qc7 7. Qe2 d6 8. exd6 Bxd6 9. Na3 a6 10. Nc4 Be7 11. Nfe5 Nxe5 12. Qxe5 Qxe5+ 13. Nxe5 O-O 14. d3 Rd8 15. a4 Bd6 16. Nc4 Bc7 17. Ke2 Bd7 18. Ne3 Bc6 19. Nxd5 exd5 20. Re1 a5 1/2-1/2

[Event "2BLN 2223 SK Zehlendorf - SK König Teg"]
[Site "?"]
[Date "2022.11.27"]
[Round "4.6"]
[White "Meister, Jakob"]
[Black "Rosmann, Ilja"]
[Result "1/2-1/2"]
[WhiteElo "2438"]
[BlackElo "2298"]
[PlyCount "115"]
[EventDate "2022.??.??"]

1. e4 c5 2. Nf3 Nc6 3. c3 Nf6 4. e5 Nd5 5. Bc4 Nb6 6. Bb3 c4 7. Bc2 d6 8. exd6 Qxd6 9. Qe2 Qe6 10. b3 Qxe2+ 11. Kxe2 e5 12. Na3 Be6 13. Ng5 Bd5 14. Nxc4 Nxc4 15. bxc4 Bxc4+ 16. d3 Bd5 17. Bb3 Rd8 18. Rb1 Bxb3 19. axb3 a5 20. Be3 Be7 21. Nf3 f5 22. Bb6 Rd5 23. Rhd1 O-O 24. c4 Rd7 25. d4 exd4 26. Nxd4 Nxd4+ 27. Rxd4 Rxd4 28. Bxd4 Bb4 29. Rd1 Re8+ 30. Kd3 Rd8 31. Kc2 Kf7 32. Rd3 g6 33. f3 Ke6 34. h3 Rd6 35. Bf2 Rxd3 36. Kxd3 Kd6 37. g4 Bc5 38. Be1 b6 39. Bc3 Ke6 40. Bg7 Kd6 41. gxf5 gxf5 42. Bc3 Ke6 43. Be1 Ke5 44. Bg3+ Ke6 45. Bf4 Kd7 46. Ke2 Ke6 47. Kf1 Kd7 48. Ke2 Ke6 49. Kd3 Kd7 50. Be5 Ke6 51. Bc3 Kd7 52. Ke2 Ke6 53. Kf1 Kf7 54. Kg2 Kg6 55. Be5 Kf7 56. Kg3 Ke6 57. Bc3 Be3 58. Kg2 1/2-1/2

[Event "2BLN 2223 SK Zehlendorf - SK König Teg"]
[Site "?"]
[Date "2022.11.27"]
[Round "4.7"]
[White "Dimitrijeski, Kristian"]
[Black "Lagunow, Alexander"]
[Result "1/2-1/2"]
[WhiteElo "2128"]
[BlackElo "2363"]
[PlyCount "57"]
[EventDate "2022.??.??"]

1. d4 Nf6 2. c4 e6 3. Nc3 Bb4 4. Bd2 O-O 5. Nf3 d5 6. e3 b6 7. cxd5 exd5 8. Bd3 c5 9. dxc5 bxc5 10. O-O Nc6 11. h3 Rb8 12. Rc1 c4 13. Bc2 Re8 14. Ba4 Bd7 15. Ne2 Bxd2 16. Qxd2 Nb4 17. Bxd7 Qxd7 18. Nc3 Nd3 19. Rb1 Rec8 20. Nd4 Ne4 21. Nxe4 dxe4 22. Ne2 Rb6 23. Nc3 Qc6 24. f3 exf3 25. Rxf3 f6 26. e4 Qb7 27. Nd5 Re6 28. Nc3 Qb6+ 29. Kh1 1/2-1/2

[Event "2BLN 2223 SK Zehlendorf - SK König Teg"]
[Site "?"]
[Date "2022.11.27"]
[Round "4.8"]
[White "Brustkern, Juergen"]
[Black "Eilenberg, Jonas"]
[Result "1/2-1/2"]
[WhiteElo "2145"]
[BlackElo "2240"]
[PlyCount "41"]
[EventDate "2022.??.??"]

1. f4 d5 2. Nf3 Bf5 3. e3 e6 4. Be2 Be7 5. O-O Nf6 6. d3 c5 7. Qe1 Nc6 8. Bd1 c4 9. dxc4 dxc4 10. Nfd2 Nb4 11. e4 Qd4+ 12. Kh1 Nxe4 13. c3 Qd7 14. cxb4 Bxb4 15. Bf3 Nc5 16. a3 Nb3 17. axb4 Nxa1 18. Nxc4 Bxb1 19. Bd2 Bd3 20. Ne5 Qb5 21. Nxd3 1/2-1/2

[Event "2BLN 2223 SV Werder Bremen II - SK Nord"]
[Site "?"]
[Date "2022.11.27"]
[Round "4.1"]
[White "Olszewski, Michal"]
[Black "Markgraf, Alexander"]
[Result "1-0"]
[WhiteElo "2522"]
[BlackElo "2477"]
[PlyCount "85"]
[EventDate "2022.??.??"]

1. d4 f5 2. Nf3 Nf6 3. g3 g6 4. Bg2 Bg7 5. O-O O-O 6. b3 d6 7. Bb2 Qe8 8. c4 h6 9. Qc2 g5 10. Nc3 Qh5 11. e3 Na6 12. a3 c6 13. b4 Nc7 14. a4 Bd7 15. b5 Rae8 16. Ne2 Ne4 17. Rfd1 Qf7 18. Ne1 Rc8 19. bxc6 bxc6 20. Nd3 Rb8 21. a5 Na6 22. Ba3 Be6 23. Rac1 Rfc8 24. g4 Nf6 25. gxf5 Bxf5 26. Ng3 Bg6 27. Rb1 Rxb1 28. Rxb1 c5 29. Bb7 Ng4 30. Rf1 Nb4 31. Bxb4 Rb8 32. a6 cxb4 33. Qb3 Rf8 34. Nxb4 h5 35. f3 Nh6 36. Nc6 h4 37. Ne2 Kh8 38. Nxa7 Qe6 39. Nb5 Qh3 40. Rf2 g4 41. a7 gxf3 42. Nf4 Qg4+ 43. Kh1 1-0

[Event "2BLN 2223 SV Werder Bremen II - SK Nord"]
[Site "?"]
[Date "2022.11.27"]
[Round "4.2"]
[White "Meins, Gerlef"]
[Black "Ostrovskiy, Andrey"]
[Result "1/2-1/2"]
[WhiteElo "2414"]
[BlackElo "2416"]
[PlyCount "115"]
[EventDate "2022.??.??"]

1. d4 Nf6 2. c4 e6 3. Nf3 b6 4. g3 c6 5. Bg2 Be7 6. O-O O-O 7. Nbd2 d5 8. b3 Bb7 9. Bb2 Nbd7 10. e3 a5 11. a4 Bb4 12. Ne1 Ba6 13. Nd3 Be7 14. e4 Rc8 15. Qf3 c5 16. exd5 exd5 17. cxd5 cxd4 18. Bxd4 Nc5 19. Bxc5 Bxc5 20. Nc4 Bxc4 21. bxc4 Bd6 22. Rfc1 Re8 23. Qd1 Qc7 24. Qb3 h5 25. Rab1 Rb8 26. Qb5 h4 27. Re1 hxg3 28. hxg3 Rxe1+ 29. Rxe1 Kf8 30. Qc6 Nd7 31. Qxc7 Bxc7 32. Bh3 Nc5 33. Nxc5 bxc5 34. Bd7 Bd6 35. Kg2 g6 36. Bb5 Kg7 37. f4 Rd8 38. Kf3 Rb8 39. Rb1 Kf6 40. Rh1 Kg7 41. Rb1 Kf6 42. g4 g5 43. fxg5+ Kxg5 44. Rh1 Kg6 45. Ke4 Rd8 46. Rf1 Be7 47. Bc6 Bd6 48. Rb1 Kg5 49. Rb7 Kxg4 50. Rxf7 Kg5 51. Rg7+ Kf6 52. Rh7 Kg6 53. Rh3 Rf8 54. Kd3 Kg5 55. Re3 Rf4 56. Re4 Rxe4 57. Kxe4 Kf6 58. Bb5 1/2-1/2

[Event "2BLN 2223 SV Werder Bremen II - SK Nord"]
[Site "?"]
[Date "2022.11.27"]
[Round "4.3"]
[White "Licznerski, Lukasz"]
[Black "Colbow, Collin"]
[Result "1/2-1/2"]
[WhiteElo "2442"]
[BlackElo "2381"]
[PlyCount "79"]
[EventDate "2022.??.??"]

1. e4 c5 2. Nf3 e6 3. d4 cxd4 4. Nxd4 Nc6 5. Nc3 Nf6 6. Ndb5 Bb4 7. a3 Bxc3+ 8. Nxc3 d5 9. Bd3 dxe4 10. Nxe4 Nxe4 11. Bxe4 Qxd1+ 12. Kxd1 Bd7 13. Be3 f5 14. Bf3 e5 15. Re1 Kf7 16. Bd2 e4 17. Bh5+ g6 18. Be2 Nd4 19. Bc3 Rhd8 20. Bxd4 Ba4 21. Kd2 Rxd4+ 22. Ke3 Rdd8 23. b3 Bc6 24. g4 Kf6 25. Rg1 h6 26. Rae1 Rac8 27. c4 Ke5 28. gxf5 gxf5 29. f4+ exf3 30. Bxf3 Kf6 31. Rd1 Bxf3 32. Kxf3 a6 33. Kf4 b5 34. cxb5 axb5 35. h4 h5 36. Rge1 Ra8 37. Rg1 Rxd1 38. Rxd1 Rxa3 39. Rd6+ Ke7 40. Rd3 1/2-1/2

[Event "2BLN 2223 SV Werder Bremen II - SK Nord"]
[Site "?"]
[Date "2022.11.27"]
[Round "4.4"]
[White "Joachim, Sven"]
[Black "Kopylov, Michael"]
[Result "1/2-1/2"]
[WhiteElo "2396"]
[BlackElo "2374"]
[PlyCount "25"]
[EventDate "2022.??.??"]

1. Nf3 Nf6 2. c4 e6 3. b3 d5 4. Bb2 Be7 5. e3 O-O 6. d4 b6 7. Nc3 Bb7 8. Bd3 dxc4 9. Bxc4 c5 10. O-O Nc6 11. dxc5 Bxc5 12. Qe2 Qe7 13. Rfd1 1/2-1/2